| 000 | 00950nmm a2200277 a 4500 | ||
|---|---|---|---|
| 001 | ocm0001256629 | ||
| 003 | TR-IsHL | ||
| 005 | 20201028160050.0 | ||
| 008 | 150709s2015 tu tur | ||
| 007 | cr cn | ||
| 020 | _a9786054461660 | ||
| 035 |
_a1256629 _b(N$T) |
||
| 050 | 0 | 4 |
_aPL240 _b.K83 2015 |
| 090 | 0 | 4 |
_aPL240 _b.K83 2015 |
| 245 | 1 | 0 |
_aKüçük yazarlar'dan seçmeler: 36 küçük yazardan 36 harika hikaye _h[electronic resource] / _cyayına hazırlayanlar Fatma Işık, Mevlüt Işık |
| 260 |
_aİstanbul : _bAres Kitap, _c2015 |
||
| 300 | _a128 p. | ||
| 650 | 4 | _aDil ve Edebiyat | |
| 650 | 4 | _aLanguage and Literature | |
| 650 | 0 | _aKısa hikayeler, Türk | |
| 650 | 0 | _aShort stories, Turkish | |
| 650 | 7 |
_aLITERARY COLLECTIONS / Middle Eastern _2bisacsh |
|
| 700 | 1 | _aIşık, Fatma | |
| 700 | 1 | _aIşık, Mevlüt | |
| 856 | 4 | 0 | _uhttp://search.ebscohost.com/login.aspx?direct=true&scope=site&db=e011xww&AN=1256629 |
| 999 |
_c13410 _d13410 |
||